| 000 | 01328nam a2200409 a 4500 | ||
|---|---|---|---|
| 001 | 21521 | ||
| 003 | VRT | ||
| 005 | 20260303145751.0 | ||
| 008 | 081013|2008 xr a b 000 0 slo c | ||
| 020 | _a9788025210222 (viaz.) | ||
| 039 | 9 |
_a202403290300 _bAUTHORITY _c202304202234 _dAUTHORITY |
|
| 040 |
_aHEVK _bslo _cHEVK _eAACR2 |
||
| 041 | 1 |
_aslo _heng |
|
| 044 |
_axr _cCZ |
||
| 072 | 7 |
_a821-93 _xLiteratúra pre deti a mládež _2konspekt |
|
| 072 | 7 |
_a821.111-3 _xAnglická próza, anglicky písaná _2konspekt |
|
| 080 |
_a821-93 _22001 |
||
| 080 |
_a821.111-34 _22001 |
||
| 100 | 1 |
_aAwdry, W., _d1911-1997 |
|
| 245 | 1 | 0 |
_aEdward _cpodľa Rev. W. Awdryho ; ilustrácie Robin Davies a Jerry Smith |
| 250 | _a1. vyd. | ||
| 260 |
_aPraha _bEgmont ČR _c2008 |
||
| 300 |
_a[25] s. _bfareb. ilustr. _c15x15 cm |
||
| 490 | 1 | _aTomáš a jeho kamaráti | |
| 490 | 1 | _aKnižnica rušňa Tomáša | |
| 500 | _aPreložené z angličtiny | ||
| 655 | 0 | 7 |
_aanglické rozprávky _2SNKPH |
| 655 | 0 | 7 |
_apublikácie pre deti _2SNKPH |
| 700 | 1 |
_aDavies, Robin, _d1950- _4ill |
|
| 700 | 1 |
_aSmith, Jerry _4ill |
|
| 830 | 0 | _aTomáš a jeho kamaráti | |
| 830 | 0 | _aKnižnica rušňa Tomáša | |
| 910 | _ahevk | ||
| 942 |
_2ddc _cKLDE _n0 |
||
| 949 |
_64710709176 _astrmkM _bstrmk2008/9176 |
||
| 999 |
_c21521 _d21521 |
||